| 000 | 01177nam a2200373Ia 4500 | ||
|---|---|---|---|
| 001 | dia_5987 | ||
| 003 | CHAP | ||
| 005 | 20251023155343.0 | ||
| 008 | 220117s2011 xx 000 0 und d | ||
| 010 | _a177152 | ||
| 020 | _a978-607-400-984-2 (v.1) | ||
| 040 | _cCHAP | ||
| 082 | _a808.838762 R68 D58 2011 | ||
| 100 |
_aRoth, Veronica _9160347 |
||
| 245 |
_aDivergente / _c Veronica Roth ; traducción Pilar Ramírez Tello |
||
| 260 |
_aMéxico : _b Océno, _c2011 |
||
| 300 | _a3 v. | ||
| 440 |
_aMolino : Travesía _9160348 |
||
| 500 | _aTítulo original: Divergent | ||
| 503 | _aC. | ||
| 505 | _av.Divergente \ v.2. Insurgent \ v.3. Leal | ||
| 590 | _aPZ7.R7375 D58 2011 | ||
| 650 |
_aAmerican literature _x21st century _9153959 |
||
| 650 |
_aClases sociales _xNovela _9160349 |
||
| 650 |
_aFiction _9152751 |
||
| 650 |
_aLiteratura americana _xSiglo XXI _9153678 |
||
| 650 |
_aNovela _982011 |
||
| 650 |
_aSocial classes _xFiction _9160350 |
||
| 700 |
_aRamírez Tello, Pilar, tr. _9160351 |
||
| 901 | _a808.838762 R68 D58 2011 | ||
| 902 | _aA | ||
| 905 | _a5232272011 mx x 9222223332spa16 | ||
| 942 |
_cLIBRO _2ddc |
||
| 999 |
_c177152 _d177152 |
||